| 000 | 01005nam a2200217 4500 | ||
|---|---|---|---|
| 005 | 20260407115939.0 | ||
| 008 | 260319b |||||||| |||| 00| 0 eng d | ||
| 020 | _a9781041140672 | ||
| 037 | _cRTL | ||
| 040 |
_aRTL _cRTL |
||
| 084 |
_qRTL _aU43 R5 |
||
| 245 | _aUrbanised society in the age of cities: Spatial governance for transforming the urban space | ||
| 260 |
_aNew York _bRoutledge _c2025 |
||
| 300 | _a309 p. : ill. | ||
| 520 | _aThis book details the transformation processes that impinge on constitutionally ordained governance by drawing on the new theoretical approaches in the urban sciences. It is unique in terms of its focused content, which thoroughly analyses the transformation of space and governance in Turkey and beyond and how urban institutions have emerged and changed since their inception. | ||
| 650 |
_aUrban Society _91132542 |
||
| 650 | _aSocial Science | ||
| 650 |
_aTransforming India _91132543 |
||
| 700 | _aOlcar, Cumhur | ||
| 942 |
_2CC _n1 _cTB _hU43 R5 |
||
| 999 |
_c1715759 _d1715759 |
||